| 000 | 014030000a22003250004500 | ||
|---|---|---|---|
| 003 | EG-GICUC | ||
| 005 | 20250223025425.0 | ||
| 008 | 080813s2008 ua b f m 000 0 eng d | ||
| 040 |
_aEG-GICUC _beng _cEG-GICUC |
||
| 041 | 0 | _aEng | |
| 049 | _aDeposite | ||
| 097 | _aPh.D | ||
| 099 | _aCai01.12.01.Ph.D.2008.Ab.E | ||
| 100 | 0 | _aAbdullah Ahmaed Aljazei | |
| 245 | 1 | 0 |
_aEarly warning system for flash flood forecasting over kingdom of Saudi Arabia / _cAbdullah Ahmaed Aljazei ; Supervised Mohammed Magdy Abdelwahab |
| 246 | 1 | 5 | _aالتنبؤ المبكر بالسيول على المملكة العربية السعودية |
| 260 |
_aCairo : _bAbdullah Ahmaed Aljazei , _c2008 |
||
| 300 |
_a179Leaves : _bmaps ; _c30cm |
||
| 502 | _aThesis (Ph.D.) - Cairo University - Faculty Of Science - Department Of Astronomy and Meteorology | ||
| 520 | _aThe main subject of this work is to establish a procedures for an of early warning systems to predict rainfall over the kingdom of Saudi Arabia (K.S.A) .The rainfall over K.S.A has been studied using the data of available metrological stations | ||
| 530 | _aIssued also as CD | ||
| 653 | 4 | _aModels | |
| 653 | 4 | _aThermodynamic | |
| 653 | 4 | _aThunderstorm | |
| 700 | 0 |
_aMohammed Magdy Abdelwahab , _eSupervisor |
|
| 856 | _uhttp://172.23.153.220/th.pdf | ||
| 905 |
_aMustafa _eRevisor |
||
| 905 |
_aSamia _eCataloger |
||
| 942 |
_2ddc _cTH |
||
| 999 |
_c12669 _d12669 |
||